How to catch a frog : And other stories about family, love, dysfunction, survival, and DIY
Stories of growing up in rural Vermont as part of an eccentric family of artists and idealists, which involved self-imposed poverty, innovative living, daily lessons in self-reliance, and a deep appreciation for the natural beauty of the environment.
Na minha lista:
| Autor principal: | |
|---|---|
| Formato: | Livro |
| Idioma: | Undetermined |
| Publicado em: |
New York
STC Craft
2014
|
| Assuntos: | |
| Tags: |
Adicionar Tag
Sem tags, seja o primeiro a adicionar uma tag!
|
| Thư viện lưu trữ: | Trung tâm Học liệu Trường Đại học Cần Thơ |
|---|
| LEADER | 00866nam a2200217Ia 4500 | ||
|---|---|---|---|
| 001 | CTU_226827 | ||
| 008 | 210402s9999 xx 000 0 und d | ||
| 082 | |a 974.3043 | ||
| 082 | |b R823 | ||
| 100 | |a Ross, Heather | ||
| 245 | 0 | |a How to catch a frog : | |
| 245 | 4 | |b And other stories about family, love, dysfunction, survival, and DIY | |
| 245 | 0 | |c Heather Ross | |
| 260 | |a New York | ||
| 260 | |b STC Craft | ||
| 260 | |c 2014 | ||
| 520 | |a Stories of growing up in rural Vermont as part of an eccentric family of artists and idealists, which involved self-imposed poverty, innovative living, daily lessons in self-reliance, and a deep appreciation for the natural beauty of the environment. | ||
| 650 | |a Sống tự lực,Self-reliant living | ||
| 650 | |z Vermont,Vermont | ||
| 910 | |b nthai | ||
| 980 | |a Trung tâm Học liệu Trường Đại học Cần Thơ | ||